[Event "HCL-C3930"]
[Site "www.playchess.de"]
[Date "2006.02.25"]
[Round "8"]
[White "KAzUl_4"]
[Black "battlingknight"]
[WhiteElo "800"]
[BlackElo "800"]
[PlyCount "71"]
[Result "1-0"]

1.d4 e6 2.Nf3 Nf6 3.Bg5 Be7 4.Bxf6 Bxf6 5.e4 b6 
6.e5 Be7 7.Nc3 d5 8.exd6 Bxd6 9.d5 e5 10.Bb5+ Bd7 
11.Bxd7+ Qxd7 12.O-O O-O 13.Qd3 Bb4 14.Nxe5 Qe7 
15.Nc6 Nxc6 16.dxc6 Bxc3 17.Qxc3 h5 18.Rae1 Qc5 
19.Red1 Qxc3 20.bxc3 Rae8 21.Rd7 Rec8 22.Rfd1 a5 
23.a4 Rfe8 24.h3 Re6 25.g4 hxg4 26.hxg4 Rxc6 
27.R1d3 Rc4 28.R3d4 Rxc3 29.Re4 Rxc2 30.Ree7 Rf8 
31.Rdxc7 Ra2 32.Rc4 g6 33.g5 Rb2 34.Rf4 Rb1+ 
35.Kg2 b5 36.Kf3 1-0

[Event "HCL-M890"]
[Site "www.playchess.de"]
[Date "2006.02.25"]
[Round "15"]
[White "aldo"]
[Black "PaulH"]
[WhiteElo "1833"]
[BlackElo "2031"]
[PlyCount "21"]
[Result "1-0"]

1.d4 Nf6 2.c4 g6 3.g3 Bg7 4.Bg2 d6 5.Nf3 O-O 6.O-O 
Nbd7 7.Nc3 e5 8.e4 exd4 9.Nxd4 Re8 10.Qc2 a6 
11.h3 1-0

[Event "ACL-M080"]
[Site "www.playchess.de"]
[Date "2006.02.25"]
[Round "16"]
[White "unconnected"]
[Black "el_Tiburon"]
[WhiteElo "2146"]
[BlackElo "1864"]
[PlyCount "55"]
[Result "1-0"]

1.e4 c5 2.Nf3 d6 3.d4 cxd4 4.Nxd4 Nf6 5.Nc3 a6 
6.Be3 e6 7.g4 h6 8.Bg2 Nc6 9.h3 Qc7 10.f4 Bd7 
11.Qf3 Nxd4 12.Bxd4 e5 13.Be3 b5 14.g5 b4 15.Ne2 
hxg5 16.fxg5 Nh5 17.O-O-O Rc8 18.Rd2 g6 19.Kb1 Be7 
20.h4 a5 21.Bh3 a4 22.Bxd7+ Qxd7 23.Nc1 O-O 
24.Rhd1 Rc4 25.b3 axb3 26.cxb3 Rc3 27.Ne2 Rcc8 
28.R2d5 1-0

[Event "HCL-M890"]
[Site "www.playchess.de"]
[Date "2006.02.25"]
[Round "19"]
[White "maik42_"]
[Black "Emerson"]
[WhiteElo "2196"]
[BlackElo "1802"]
[PlyCount "47"]
[Result "1-0"]

1.e4 {hallo and have fun}  e5 {also welcome! let´s 
have an good match.}  2.Nf3 {yes we will}  Qe7 
3.Bc4 h6 4.O-O Nf6 5.Nc3 c6 6.Re1 d6 7.d4 Bg4 
8.Be3 g5 9.a4 Bg7 10.Be2 Nbd7 11.d5 c5 12.Nd2 Bxe2 
13.Nxe2 Nh5 14.Nf1 Nf4 15.Nfg3 h5 16.Nf5 Qf6 
17.Rb1 Nb6 18.b4 Nxa4 19.bxc5 dxc5 20.Rxb7 Nxe2+ 
21.Qxe2 Kf8 22.Ra1 Nb6 {very übel...}  23.Bxc5+ 
{ja seltsame eröffnung}  Kg8 24.Rxb6 1-0

[Event "HCL-A2475"]
[Site "www.playchess.de"]
[Date "2006.02.25"]
[Round "20"]
[White "saemi"]
[Black "kali"]
[WhiteElo "1630"]
[BlackElo "1458"]
[PlyCount "87"]
[Result "1-0"]

1.e4 {Hello from Iceland}  e5 {Hello from 
Lechenich in Germany}  2.Nf3 Nc6 3.Bc4 Nf6 4.Ng5 
d5 5.exd5 Na5 6.Bb5+ Bd7 7.Bxd7+ Qxd7 8.O-O h6 
9.Nf3 Bd6 10.Re1 O-O-O 11.Nxe5 Bxe5 12.Rxe5 Nc4 
13.Re1 Qxd5 14.d3 Ne5 15.Nc3 Qd6 16.Bf4 Rhe8 
17.Ne4 Nxe4 18.Rxe4 Re7 19.d4 g5 20.Bxe5 Qd5 
21.Re1 Qc6 22.c3 f5 23.Qd3 f4 24.Qf5+ Qd7 25.Qxd7+ 
Rexd7 26.a4 Rf7 27.b4 Re8 28.c4 c6 29.b5 cxb5 
30.axb5 b6 31.Rac1 g4 32.c5 bxc5 33.dxc5 f3 34.g3 
Rfe7 35.Bc3 h5 36.Rxe7 Rxe7 37.b6 axb6 38.cxb6 Kb7 
39.Bd4 Re2 40.Kf1 Ra2 41.Ke1 Re2+ 42.Kd1 Kb8 
43.Rc5 Kb7 44.Rxh5 1-0

[Event "HCL-B3851"]
[Site "www.playchess.de"]
[Date "2006.02.25"]
[Round "3"]
[White "Absoluter_Beginner"]
[Black "pegasus"]
[WhiteElo "1500"]
[BlackElo "1131"]
[PlyCount "47"]
[Result "1-0"]

1.e4 e5 2.Nf3 d6 3.Bc4 Nf6 4.d3 h6 5.Nc3 a6 6.O-O 
b5 7.Bb3 Rg8 8.d4 exd4 9.Nxd4 Ng4 10.Nf5 Bxf5 
11.exf5 Nd7 12.Qxg4 Ne5 13.Qg3 g5 14.f4 Nc6 
15.Re1+ Kd7 16.Bxf7 Rg7 17.Be6+ Ke7 18.Nd5+ Ke8 
19.f6 {It was a pleasure for me to play with you!} 
 Qb8 20.fxg7 Bxg7 21.fxg5 Be5 22.Rxe5 Nxe5 23.gxh6 
c6 24.Qg8+ 1-0

[Event "HCL-A2565"]
[Site "www.playchess.de"]
[Date "2006.02.25"]
[Round "16"]
[White "val2005"]
[Black "willem199"]
[WhiteElo "1675"]
[BlackElo "1450"]
[PlyCount "28"]
[Result "0-1"]

1.d4 d5 2.Nf3 Bf5 3.e3 e6 4.Bd3 Bg4 5.Nbd2 Nc6 
6.c3 e5 7.dxe5 Nxe5 8.Qa4+ Qd7 9.Bb5 c6 10.Nxe5 
Qe6 11.Nxc6 bxc6 {you're playing very good}  
12.Bxc6+ {I´m sorry...but it´s because You make a 
mistake...}  Ke7 13.Bxa8 a6 14.Bxd5 Qxd5 {too many 
problems}  0-1

[Event "ACL-A647"]
[Site "www.playchess.de"]
[Date "2006.02.25"]
[Round "4"]
[White "jets00"]
[Black "Viktor"]
[WhiteElo "2185"]
[BlackElo "1573"]
[PlyCount "75"]
[Result "1-0"]

1.e4 d5 {Hi! Good Luck!}  2.exd5 {hello}  Nf6 {Kak 
Vasha zhisn'? (V Rossii)}  3.Bb5+ {da nichego 
zhivem pomalenku. Ya iz Moskva a vi otkuda}  Bd7 
{A ya is Kieva. Privet stolize Rossii ot stolizy 
Ukrainy!  :))}  4.Be2 {kto budet silnee v 
ponedelnik Shahter ili Dinamo (Kiev). U nas 
pokazhut igru.}  Nxd5 {Ya sa Dinamo, no Shahter na 
podyeme, dumayu, nichya...}  5.d4 {Pobedil Dinamo 
Kiev, a u nas CSKA champion}  e6 {Znayu, 
pozdravliayu, Vy sa CSKA? Ot svoih kievlyan, 
chestno, ne ozhidal...}  6.c4 {kogda to bolel za 
cska potom za spartak seichas prosto lyublu 
posmotret}  Nb6 {Ya tozhe lyublyu posmotret  :) 
Osobenno s pivkom...  :)}  7.Be3 {OK budem bolet 
za Ukrainu v Germanii}  Bb4+ {Spasibo, ochen zhal, 
chto Rossia ne proshla  :(((}  8.Nc3 {o.k.}  Nc6 
9.Qc2 Na5 10.a3 Be7 11.b3 Bc6 12.Nf3 Bxf3 13.Bxf3 
O-O 14.O-O Bg5 15.Bxg5 Qxg5 16.Be4 f5 17.Bf3 Rad8 
18.Ne2 f4 19.Rfe1 Rf6 20.Rad1 Nc6 21.b4 Rd7 22.b5 
Nd8 23.Nc3 {s novym godom. udachi, schastia, 
dobra, mira}  Rh6 {Spasibo! I Vam mira, schastia, 
blagopoluchiya!}  24.c5 {Rekomenduyu posetit sait 
igame.ru, esli vy tam eshe ne bili}  Nc8 {spasibo 
bolshoe, uzhe zaregistrirovalsia :)}  25.d5 {u 
menya na igame.ru 2 nika jets & canucks, a kakoi 
nik u vas}  e5 {&#1069;&#1076;_1969, 
&#1085;&#1086; &#1103; &#1090;&#1086;&#1083;&#1100;&#1082;&#1086; 
&#1089;&#1077;&#1075;&#1086;&#1076;&#1085;&#1103; 
&#1085;&#1072;&#1095;&#1072;&#1083;, 
&#1089;&#1087;&#1072;&#1089;&#1080;&#1073;&#1086; 
&#1042;&#1072;&#1084;, &#1085;&}  26.Qa4 {OK}  Rf7 
27.Qb3 Kh8 28.Ne4 Qh4 29.h3 Rg6 30.Bg4 Ne7 31.d6 
cxd6 32.Nxd6 Rf8 33.Rxe5 Ng8 34.Rde1 f3 35.Rh5 
Rxg4 36.Rxh4 Rxh4 37.c6 bxc6 38.bxc6 1-0

[Event "HCL-B3847"]
[Site "www.playchess.de"]
[Date "2006.02.25"]
[Round "7"]
[White "Russ"]
[Black "xmen"]
[WhiteElo "1200"]
[BlackElo "1463"]
[PlyCount "117"]
[Result "0-1"]

1.e4 {hallo}  g6 2.e5 Bg7 3.d4 d6 4.Bf4 dxe5 
5.dxe5 Qxd1+ 6.Kxd1 Nc6 7.Bb5 Bd7 8.Nf3 O-O-O 
9.Nc3 Bg4+ 10.Kc1 Bxf3 11.gxf3 Nxe5 12.a4 Nxf3 
13.Ne4 a6 14.Bd3 f5 15.Ng5 Nxg5 16.Bxg5 h6 17.Be3 
e5 18.Ra3 Ne7 19.Rb3 Nc6 20.Rd1 e4 21.Bc4 Rxd1+ 
22.Kxd1 Na5 23.Be6+ Kb8 24.Rb4 Nc6 25.Rb3 Ne5 
26.Bd4 Rd8 27.c3 Nf3 28.Ke2 Nxd4+ 29.cxd4 Rxd4 
30.a5 Ra4 31.Bd5 Rxa5 32.Rxb7+ Kc8 33.Bc6 Ra2 
34.Ra7 Rxb2+ 35.Ke3 Be5 36.Rxa6 Kd8 37.Ra8+ Ke7 
38.Re8+ Kd6 39.Ba4 Ra2 40.Bb5 Ra3+ 41.Ke2 Bxh2 
42.Rg8 Kc5 43.Be8 g5 44.Rg6 Kd4 45.Rxh6 Ra2+ 
46.Kf1 Bf4 47.Rh7 e3 48.Rd7+ Bd6 49.Bf7 Rxf2+ 
50.Ke1 Ke4 51.Bc4 Bb4+ 52.Kd1 Rd2+ 53.Rxd2 Bxd2 
54.Ke2 f4 55.Bd3+ Kd4 56.Bf5 c5 57.Kf3 c4 58.Kg4 
e2 59.Kxg5 0-1

[Event "HCL-M803"]
[Site "www.playchess.de"]
[Date "2006.02.25"]
[Round "28"]
[White "pcmvr"]
[Black "BDG_Girl"]
[WhiteElo "2165"]
[BlackElo "1922"]
[PlyCount "86"]
[Result "0-1"]

1.b4 {Hello again, a nice game}  e5 {Hello again 
and good luck!}  2.Bb2 f6 3.e4 Bxb4 4.Bc4 Ne7 
5.Qh5+ g6 6.Qh4 d5 7.exd5 Nd7 8.Nh3 Nf5 9.Qg4 Bc5 
10.O-O Nb6 11.Qe2 Ne7 12.Bb5+ c6 13.dxc6 bxc6 
14.Ba6 Bxh3 15.gxh3 Nbd5 16.Bc4 Nf4 17.Qf3 Rb8 
18.Ba3 Bxa3 19.Nxa3 Qd7 20.Rab1 Rb6 21.Bb3 Ra6 
22.Bc4 Qxh3 23.Rb3 Qxf3 24.Rxf3 Ra4 25.d4 g5 
26.Rd1 exd4 27.Rb3 Kd7 28.Rxd4+ Kc7 29.Rd1 Rb8 
30.Rxb8 Kxb8 31.Rb1+ Kc7 32.Rb3 Nf5 33.Rc3 Nd6 
34.Bf1 Ne4 35.Re3 Nd2 36.h3 Kb6 37.Bg2 h5 38.Kh2 
Kc5 39.c4 a5 40.Kh1 h4 41.Kh2 f5 42.Re5+ Kd6 
43.Re3 Nxc4 0-1

[Event "HCL-A2613"]
[Site "www.playchess.de"]
[Date "2006.02.25"]
[Round "1"]
[White "torbalan"]
[Black "BR_Hort"]
[WhiteElo "1242"]
[BlackElo "1700"]
[PlyCount "78"]
[Result "0-1"]

1.e4 c5 {hi}  2.Nf3 {hi pal...}  Nc6 3.d4 cxd4 
4.Nxd4 g6 5.Nxc6 bxc6 6.Qd4 Nf6 7.Bd2 Bg7 8.Bc3 
O-O 9.Be2 d6 10.Bf3 e5 11.Qd1 Re8 12.O-O d5 
13.exd5 cxd5 14.g3 Rb8 15.b3 Qc7 16.Re1 Bf5 17.Re2 
d4 18.Bb2 e4 19.Bg2 Bg4 20.f3 exf3 21.Bxf3 Bxf3 
22.Rxe8+ Rxe8 23.Qxf3 Qxc2 24.Nd2 Qxd2 25.Ba3 Re1+ 
26.Rxe1 Qxe1+ 27.Kg2 Ne4 28.Be7 Qe3 29.Qxe3 dxe3 
30.Kf3 Nc3 31.Kxe3 Nxa2 32.b4 a6 33.Kd3 Bc3 34.Kc4 
Bxb4 35.Bxb4 Nxb4 36.Kxb4 Kg7 37.Ka5 Kf6 38.Kxa6 
Kg5 39.Kb6 Kg4 0-1

[Event "HCL-B3775"]
[Site "www.playchess.de"]
[Date "2006.02.25"]
[Round "1"]
[White "ama49"]
[Black "PANDURANGAIAH"]
[WhiteElo "1192"]
[BlackElo "1086"]
[PlyCount "104"]
[Result "0-1"]

1.e4 {Good luck}  e5 2.Nf3 Nc6 3.Bc4 Bc5 4.O-O Nf6 
5.Nc3 d6 6.d3 h6 7.Re1 O-O 8.Be3 Bxe3 9.Rxe3 a6 
10.a3 Bg4 11.h3 Bxf3 12.Rxf3 Nd4 13.Rg3 Kh7 14.Nd5 
Nxd5 15.Bxd5 c6 16.Ba2 f5 17.Re3 fxe4 18.dxe4 Qf6 
19.f3 Rad8 20.c3 Ne6 21.Bxe6 Qxe6 22.Qc2 Qg6 
23.Qf2 Rf6 24.Rd1 b5 25.b3 a5 26.g3 Qh5 27.Qg2 Qf7 
28.b4 axb4 29.axb4 Rg6 30.Rf1 Qe7 31.f4 exf4 
32.Rxf4 Rf8 33.Qf3 Rxf4 34.Qxf4 Qg5 35.Qxg5 Rxg5 
36.Kg2 Re5 37.Kf3 g5 38.g4 Kg6 39.Kg3 d5 40.h4 
gxh4+ 41.Kxh4 Rxe4 42.Rg3 d4 43.cxd4 Rxd4 44.Rb3 
{(offering draw)}  h5 45.Kg3 Rxg4+ 46.Kh3 Rc4 
47.Kg3 c5 48.bxc5 Rxc5 49.Kh4 Rc4+ 50.Kh3 b4 
51.Kg2 Kg5 52.Kh3 Rc3+ 0-1

[Event "HCL-T260"]
[Site "www.playchess.de"]
[Date "2006.02.25"]
[Round "4"]
[White "Cramneck"]
[Black "hal1958"]
[WhiteElo "1924"]
[BlackElo "1448"]
[PlyCount "61"]
[Result "1-0"]

1.e4 d6 2.d4 Nf6 3.Nc3 g6 4.f4 Bg7 {Let's see how 
well I can do against all these players with high 
rankings}  5.Nf3 {Hello again. Best of luck.}  O-O 
6.Bd3 Nc6 7.O-O Bg4 8.e5 dxe5 9.dxe5 Nd5 10.h3 
Nxc3 11.bxc3 Bxf3 12.Qxf3 e6 13.Ba3 Re8 14.Bb5 Qd5 
15.Qe2 a6 16.Bc4 Qd8 17.Rad1 Qc8 18.Qf3 Rd8 19.Bd3 
Rd7 20.Rf2 Ne7 21.g4 Nd5 22.Be4 c6 23.Bd6 Bf8 
24.Bxf8 Kxf8 25.f5 exf5 26.gxf5 Nb6 27.fxg6 Rxd1+ 
28.Qxd1 hxg6 29.Bxg6 Qxh3 30.Qd6+ Kg8 
31.Bxf7+ 1-0

[Event "HCL-C4052"]
[Site "www.playchess.de"]
[Date "2006.02.25"]
[Round "5"]
[White "RUDI"]
[Black "hughbo"]
[WhiteElo "1282"]
[BlackElo "800"]
[PlyCount "63"]
[Result "1-0"]

1.e4 {hi from the other side of the planet!}  e5 
2.Nc3 Nc6 3.Bc4 Nf6 4.Nf3 Bc5 5.O-O O-O 6.b3 Ng4 
7.d3 Bxf2+ 8.Rxf2 Nxf2 9.Kxf2 d6 10.Qd2 Nd4 
11.Nxd4 exd4 12.Ne2 Qh4+ 13.Kg1 b6 14.Nxd4 c5 
15.Nf3 Qg4 16.Qf4 Qg6 17.Bd5 Bb7 18.Bxb7 Rae8 
19.Qg5 Qxg5 20.Nxg5 Re7 21.Bd5 h6 22.Nf3 a5 23.Bb2 
g5 24.Rf1 g4 25.Nh4 Re5 26.Bxe5 dxe5 27.Nf5 h5 
28.Ne7+ Kg7 29.a4 Re8 30.Rxf7+ Kh8 31.Ng6+ Kg8 
32.Re7+ 1-0

[Event "ACL-E204"]
[Site "www.playchess.de"]
[Date "2006.02.25"]
[Round "1"]
[White "Fred31"]
[Black "ETC_Chess"]
[WhiteElo "1728"]
[BlackElo "1957"]
[PlyCount "35"]
[Result "1-0"]

1.e4 {Hello}  d5 {Hello again and good luck!}  
2.e5 Nc6 3.Nf3 Bg4 4.Be2 Bxf3 5.Bxf3 Nxe5 {Happy 
New Year!}  6.O-O {Happy New Year !}  Nxf3+ 7.Qxf3 
e6 8.Re1 c6 9.d4 Nh6 10.c3 Qf6 11.Qxf6 gxf6 12.Nd2 
Nf5 13.Nf3 Bd6 14.Re2 Rg8 15.Bd2 c5 16.dxc5 Bxc5 
17.b4 Be7 18.a4 1-0

[Event "ACL-T157"]
[Site "www.playchess.de"]
[Date "2006.02.25"]
[Round "13"]
[White "BDG_Girl"]
[Black "richard"]
[WhiteElo "1753"]
[BlackElo "1554"]
[PlyCount "20"]
[Result "0-1"]

1.e4 c5 2.Nf3 d6 3.d4 cxd4 4.Qxd4 Nc6 5.Bb5 {Hello 
and good luck!
}  Bd7 6.Bxc6 Bxc6 {a nice opening line to have in 
reserve}  7.O-O Nf6 8.Nc3 e6 9.Qd3 Be7 10.Nd4 
O-O 0-1

[Event "ACL-A612"]
[Site "www.playchess.de"]
[Date "2006.02.25"]
[Round "1"]
[White "knightwiz"]
[Black "BDG_Girl"]
[WhiteElo "1763"]
[BlackElo "1772"]
[PlyCount "45"]
[Result "1-0"]

1.e4 d5 {Hello again and good luck!}  2.exd5 Qxd5 
3.Nf3 Nf6 4.Nc3 Qa5 5.d4 Bg4 6.h3 {Merry Christmas 
and a happy New Year}  Bh5 7.g4 Bg6 8.Ne5 Nbd7 
9.Nxg6 hxg6 10.Bg2 c6 11.Bd2 O-O-O 12.Qe2 e6 
13.O-O-O Nb6 14.Kb1 Rxd4 15.Nd5 Qa4 16.b3 Qa3 
17.Nxb6+ axb6 18.Bc3 Rxd1+ 19.Rxd1 Qc5 20.Be5 Be7 
21.g5 Nh5 22.Rd4 b5 23.b4 1-0

[Event "HCL-A2608"]
[Site "www.playchess.de"]
[Date "2006.02.25"]
[Round "19"]
[White "maus"]
[Black "Snillie"]
[WhiteElo "1390"]
[BlackElo "1466"]
[PlyCount "63"]
[Result "1-0"]

1.e4 {hello,Golland!}  d6 {hi from the 
Netherlands}  2.d4 Nf6 3.Nc3 g6 4.Nf3 Bg7 5.Bc4 
O-O 6.O-O Nxe4 7.Nxe4 d5 8.Bxd5 Qxd5 9.Nc3 Qd8 
10.h3 c6 11.Bg5 Nd7 12.Re1 Re8 13.d5 Nf6 14.dxc6 
bxc6 15.Qxd8 Rxd8 16.Rxe7 Be6 17.Rc7 Rdb8 18.Rxc6 
Rxb2 19.Ne2 Rc8 20.Ned4 Rxc6 21.Nxc6 Rxc2 22.Nfd4 
Rb2 23.Nxe6 fxe6 24.Re1 Rxa2 25.Rxe6 Nd5 26.Ne5 
Re2 27.Re8+ Bf8 28.Kf1 Rb2 29.Nd7 Rb1+ 30.Ke2 Rb2+ 
31.Bd2 Nf4+ 32.Kd1 1-0

[Event "HCL-E1536"]
[Site "www.playchess.de"]
[Date "2006.02.25"]
[Round "12"]
[White "BlitzShinigami"]
[Black "pgschumy"]
[WhiteElo "2100"]
[BlackElo "1794"]
[PlyCount "26"]
[Result "0-1"]

1.d4 Nf6 {Happy New Year, from Bucharest, Romania! 
GG}  2.c4 {thx!!!}  d6 3.Nc3 c5 4.e3 g6 5.Nf3 Bg7 
6.Be2 O-O 7.O-O a6 8.b3 Bd7 9.Bb2 Nc6 {(offering 
draw)}  10.Rc1 cxd4 11.Nxd4 Qb6 12.Na4 Qa5 13.Bc3 
Qc7 0-1

[Event "HCL-A2554"]
[Site "www.playchess.de"]
[Date "2006.02.25"]
[Round "26"]
[White "GCP"]
[Black "CYTO"]
[WhiteElo "1404"]
[BlackElo "1248"]
[PlyCount "121"]
[Result "1-0"]

1.e4 {hello from Rome, have a good game}  c5 
{hello from tennessee and good game}  2.c3 d5 
3.exd5 Qxd5 4.d4 cxd4 5.Nf3 Qe6+ 6.Be2 dxc3 7.Nxc3 
Nf6 8.O-O g6 9.Re1 Qb6 10.b3 Bg7 11.Bb2 Ng4 12.Rf1 
O-O 13.Nd5 Qd6 14.Bxg7 Kxg7 15.h3 Ne5 16.Nxe5 Qxe5 
17.Rc1 Nc6 18.Bf3 Bd7 19.Re1 Qg5 20.Bg4 Bxg4 
21.hxg4 Rad8 22.Rc5 Nb4 23.Qd4+ Kg8 24.Qxb4 Rxd5 
25.Rxd5 Qxd5 26.Qxe7 a5 27.f3 b5 28.Re5 Qd4+ 
29.Kh2 Qf4+ 30.Kh3 Rb8 31.Qg5 Qxg5 {(offering 
draw)}  32.Rxg5 a4 33.Rc5 axb3 34.axb3 Kg7 35.g5 
h6 36.Kg4 hxg5 37.Kxg5 f6+ 38.Kf4 Kf7 39.g4 Ke7 
40.Ke4 Kd6 41.b4 Re8+ 42.Kd4 Rb8 43.f4 Rb6 44.g5 
f5 {(offering draw)}  45.Rc8 Ra6 46.Rb8 Kc6 47.Rf8 
Ra4 48.Rf6+ Kd7 49.Kc5 Ra3 50.Rxg6 Rf3 51.Rd6+ Ke7 
52.Rd4 Ke6 53.Kxb5 Ra3 54.Kb6 Ra4 55.Rc4 Ra3 56.b5 
Rd3 57.Kc7 Rd7+ 58.Kc8 Ke7 59.Rc7 Rxc7+ 60.Kxc7 
Ke6 61.b6 1-0

[Event "HCL-A2628"]
[Site "www.playchess.de"]
[Date "2006.02.25"]
[Round "10"]
[White "grannialex"]
[Black "maus"]
[WhiteElo "1800"]
[BlackElo "1382"]
[PlyCount "75"]
[Result "1-0"]

1.d4 e6 2.c4 Bb4+ 3.Nc3 c5 4.d5 d6 5.e4 Qa5 6.Bd2 
Qb6 7.Bd3 e5 8.Nge2 Bg4 9.O-O Nf6 10.f4 Nbd7 11.h3 
Bh5 12.g4 Nxg4 13.hxg4 Bxg4 14.Qe1 O-O-O 15.a3 h5 
16.axb4 cxb4+ 17.Qf2 Qxf2+ 18.Rxf2 bxc3 19.Bxc3 a6 
20.fxe5 Nxe5 21.Bxe5 dxe5 22.Rxf7 g6 23.Nc3 Bd7 
24.Na4 Bxa4 25.Rxa4 Rhf8 26.Rxf8 Rxf8 27.Kg2 h4 
28.Ra3 g5 29.Ra1 g4 30.Rf1 Rf4 31.Rxf4 exf4 32.Be2 
h3+ 33.Kh2 f3 34.Bxf3 gxf3 35.Kxh3 Kd7 36.e5 b6 
37.Kg3 f2 38.Kxf2 1-0

[Event "ACL-T166"]
[Site "www.playchess.de"]
[Date "2006.02.25"]
[Round "28"]
[White "ETC_Chess"]
[Black "BDG_Girl"]
[WhiteElo "1930"]
[BlackElo "1770"]
[PlyCount "49"]
[Result "1/2-1/2"]

1.g4 d5 {Hello again and good luck!}  2.Bg2 {Hello 
again and good luck to you too!}  c6 3.h3 e5 4.d4 
e4 5.c4 Bd6 6.Nc3 Ne7 7.Bg5 O-O 8.cxd5 cxd5 9.Bxe7 
Bxe7 10.e3 Nc6 11.Nge2 Be6 12.O-O Bd6 13.f3 Qg5 
14.fxe4 Qxe3+ 15.Kh1 Ne7 16.e5 Bb4 17.Qc1 Qd3 
18.Rf3 Qc4 19.Qd1 Rac8 20.a3 Bxc3 21.Nxc3 Qc6 
22.a4 a6 23.a5 Qc7 24.Qd2 Nc6 25.Ne2 {(offering 
draw)}  1/2-1/2

[Event "ACL-T160"]
[Site "www.playchess.de"]
[Date "2006.02.25"]
[Round "8"]
[White "BDG_Girl"]
[Black "luciano59"]
[WhiteElo "1761"]
[BlackElo "1996"]
[PlyCount "44"]
[Result "0-1"]

1.f4 e5 2.fxe5 d6 3.exd6 Bxd6 4.Nf3 Nf6 5.Nc3 Ng4 
6.d4 Nxh2 7.Ne4 Nxf1 8.Kxf1 O-O 9.Qd3 Bf5 10.Nh4 
Bxe4 11.Qxe4 Re8 12.Qxb7 Qf6+ 13.Nf3 Qe6 14.Qb5 c6 
15.Qd3 h6 16.Rh4 Nd7 17.Bf4 Rad8 18.Bxd6 Qxd6 
19.Re1 Qc7 {(offering draw)}  20.b4 a5 21.a3 axb4 
22.axb4 Nf6 {(offering draw)}  0-1

[Event "ACL-E211"]
[Site "www.playchess.de"]
[Date "2006.02.25"]
[Round "14"]
[White "The_Silencer"]
[Black "ETC_Chess"]
[WhiteElo "1858"]
[BlackElo "1965"]
[PlyCount "21"]
[Result "1-0"]

1.d4 Nf6 2.c4 e6 3.Nc3 Bb4 4.e3 O-O 5.Bd3 c5 6.Nf3 
d5 7.O-O dxc4 8.Bxc4 Nc6 9.a3 Ba5 10.Qd3 b6 
11.Rd1 1-0

[Event "HCL-C4172"]
[Site "www.playchess.de"]
[Date "2006.02.25"]
[Round "8"]
[White "sonnenschein"]
[Black "Talisman77"]
[WhiteElo "800"]
[BlackElo "1173"]
[PlyCount "54"]
[Result "0-1"]

1.e4 Nc6 2.Nc3 e5 3.Nf3 Nf6 4.Bc4 Bb4 5.Nd5 O-O 
6.O-O Nxe4 7.c3 Bc5 8.d4 exd4 9.cxd4 Bd6 10.h3 Ne7 
11.Nxe7+ Bxe7 12.Re1 Nd6 13.b3 Nxc4 14.bxc4 d6 
15.d5 Bf6 16.Bg5 Bxg5 17.Rb1 b6 18.Rc1 Bxc1 
19.Qxc1 Re8 20.Rxe8+ Qxe8 21.Qe1 Qxe1+ 22.Nxe1 Ba6 
23.c5 bxc5 24.Nf3 Re8 25.Kh2 Bc4 26.a4 Bxd5 27.Ng5 
c4 0-1

[Event "HCL-B3716"]
[Site "www.playchess.de"]
[Date "2006.02.25"]
[Round "5"]
[White "sonnyspock"]
[Black "mike2k37"]
[WhiteElo "1159"]
[BlackElo "1400"]
[PlyCount "79"]
[Result "1-0"]

1.e4 {(offering draw)}  c5 2.Nf3 Nc6 3.d4 cxd4 
4.Nxd4 g6 5.Nc3 Bg7 6.Be3 e6 7.Bc4 Nge7 8.Qd2 O-O 
9.O-O-O a6 10.Bh6 Nxd4 11.Bxg7 Kxg7 12.Qxd4+ Kg8 
13.h4 b5 14.Bd3 Bb7 15.g4 Rc8 16.h5 Qc7 17.h6 e5 
18.Qe3 Qc5 19.Qxc5 Rxc5 20.Ne2 Rfc8 21.Nc3 d6 
22.Rhf1 Nc6 {apologies did not receive e mail 
notifying me of moves}  23.Nd5 Kh8 24.b4 Rxd5 
25.exd5 Nxb4 26.a3 Na2+ 27.Kb2 Nc3 28.Rdc1 Bxd5 
29.f4 e4 30.Bxe4 Nxe4 31.f5 Ng5 32.Rcd1 Rc5 
33.Rfe1 Ne4 34.Kb1 Nc3+ 35.Kc1 Na2+ 36.Kb2 Bc6 
37.Kxa2 Rxc2+ 38.Kb3 Rg2 39.Rxd6 Rg3+ 
40.Kb4 1-0

[Event "HCL-C4098"]
[Site "www.playchess.de"]
[Date "2006.02.25"]
[Round "30"]
[White "newplayer"]
[Black "lontjr"]
[WhiteElo "1055"]
[BlackElo "1159"]
[PlyCount "81"]
[Result "1-0"]

1.e4 d6 {Greetings and here's to a good game!}  
2.d4 {thanx}  Nf6 3.e5 dxe5 4.dxe5 Qxd1+ 5.Kxd1 
Ng4 6.Be3 Nxe5 7.Bf4 f6 8.Bxe5 fxe5 9.Nc3 Nc6 
10.Nb5 Kd8 11.Ke1 e6 12.Rd1+ Bd7 13.g3 Bc5 14.Bc4 
Rf8 15.Rd2 a6 16.Nc3 b5 17.Bxe6 Bxf2+ 18.Kd1 Bd4 
19.Nge2 Bxe6 20.a3 Bg4 21.h3 Bxe2+ 22.Nxe2 Rf2 
23.c3 b4 24.axb4 Kc8 25.cxd4 exd4 26.h4 Nxb4 
27.Rxd4 Rb8 28.Rf4 Rxf4 29.Nxf4 Na2 30.Nd3 Rb3 
31.Rf1 Rxd3+ 32.Kc2 Rxg3 33.Rf8+ Kd7 34.Rf7+ Ke6 
35.Rxc7 g5 36.h5 h6 37.Rc6+ Kd5 38.Rxh6 g4 39.Kd2 
Rg2+ 40.Ke1 Rxb2 41.Rxa6 1-0

[Event "HCL-C4095"]
[Site "www.playchess.de"]
[Date "2006.02.25"]
[Round "7"]
[White "ocluanain"]
[Black "epenz"]
[WhiteElo "977"]
[BlackElo "1024"]
[PlyCount "105"]
[Result "1-0"]

1.e4 e5 2.Nf3 Nc6 3.Bb5 d6 4.Nc3 a6 5.Ba4 b5 6.Bb3 
h6 7.O-O Nf6 8.d3 Be7 9.Be3 O-O 10.a3 Bb7 11.Nd5 
Qd7 12.h3 Rfe8 13.c3 a5 14.a4 bxa4 15.Bxa4 Qc8 
16.d4 exd4 17.cxd4 Nxe4 18.Bc2 Nf6 19.Nf4 Nb4 
20.Bb3 Bxf3 21.Qxf3 Qd7 22.Ba4 c6 23.Rad1 d5 
24.Nh5 Qd6 25.Rde1 Nd3 26.Red1 Nb4 27.Bd2 Nxh5 
28.Qxh5 Bf6 29.Bc1 Qc7 30.b3 Rac8 31.Bd2 Bxd4 
32.Qg4 c5 33.Bxe8 Rxe8 34.Bxh6 g6 35.h4 Bg7 
36.Bxg7 Kxg7 37.h5 Qd6 38.Rfe1 Rxe1+ 39.Rxe1 c4 
40.bxc4 d4 41.Rd1 d3 42.Qg3 Qd4 43.Qg5 a4 44.hxg6 
fxg6 45.Qe7+ Kh6 46.Qxb4 Qd7 47.Qd2+ g5 48.g3 Qd4 
49.c5 a3 50.c6 Qc4 51.Rc1 Qb3 52.c7 a2 
53.c8Q 1-0

[Event "HCL-B3828"]
[Site "www.playchess.de"]
[Date "2006.02.25"]
[Round "2"]
[White "Bob-O"]
[Black "ama49"]
[WhiteElo "1216"]
[BlackElo "1135"]
[PlyCount "97"]
[Result "1-0"]

1.Nf3 {Hello and good luck.....}  Nc6 {Greetings 
from Scotland}  2.e4 e5 3.g3 Nf6 4.d3 d5 5.exd5 
Nxd5 6.Bg2 Bg4 7.O-O Be7 8.Re1 O-O 9.c4 Nb6 10.a3 
Bf6 11.Nc3 Nd4 12.Ne4 Nxf3+ 13.Bxf3 Bxf3 14.Qxf3 
Nd7 15.b4 Re8 16.c5 Re6 17.Qg4 Kh8 18.Qh5 g6 
19.Qh6 Bg7 20.Qh4 Qxh4 21.gxh4 f5 22.Ng5 Rc6 
23.Bb2 Re8 24.Rad1 b6 25.d4 bxc5 26.dxe5 Nxe5 
27.Bxe5 Bxe5 28.Nf7+ Kg7 29.Nxe5 Rce6 30.f4 cxb4 
31.Rd7+ R6e7 32.Rxe7+ Rxe7 33.axb4 Re6 34.Rd1 c6 
35.Rd7+ Kh6 36.h3 a6 37.Nf7+ Kh5 38.Ne5 Kxh4 
39.Kg2 h6 40.Rh7 Kh5 41.Nf7 g5 42.fxg5 Rg6 43.Kg3 
c5 44.bxc5 a5 45.h4 a4 46.Nxh6 Rxg5+ 47.hxg5 Kxg5 
48.Ra7 Kxh6 49.c6 1-0

[Event "HCL-E1546"]
[Site "www.playchess.de"]
[Date "2006.02.25"]
[Round "10"]
[White "DarianTomb"]
[Black "FlatoA"]
[WhiteElo "1672"]
[BlackElo "1424"]
[PlyCount "58"]
[Result "1-0"]

1.e4 e5 2.Nf3 d6 3.d4 exd4 4.Nxd4 Be7 5.Nc3 Nf6 
6.Bc4 O-O 7.O-O a6 8.Bf4 b5 9.Bd5 Nxd5 10.exd5 Bb7 
11.Qh5 Nd7 12.Rae1 Nf6 13.Qf3 b4 14.Nf5 Re8 15.Qg3 
g6 16.Bg5 Bf8 17.Rxe8 Qxe8 18.Bxf6 bxc3 19.Qxc3 
Qd7 20.Ne3 Rc8 21.Qd4 Qb5 22.c4 Qa4 23.Ra1 c5 
24.Qh4 Re8 25.Bc3 Bg7 26.Bxg7 Kxg7 27.Ng4 Qb4 
28.Qh6+ Kh8 29.Qc1 Bxd5 1-0

[Event "HCL-A2434"]
[Site "www.playchess.de"]
[Date "2006.02.25"]
[Round "11"]
[White "golddim"]
[Black "kali"]
[WhiteElo "1506"]
[BlackElo "1468"]
[PlyCount "96"]
[Result "0-1"]

1.e4 {Welcome to the tour!}  e5 {Same to you!}  
2.f4 exf4 3.Nf3 d5 4.exd5 Qxd5 5.Nc3 Qe6+ 6.Be2 
Nf6 7.O-O Be7 8.d4 O-O 9.Bxf4 Bd6 10.Bxd6 Qxd6 
11.Ne5 Nc6 12.Nxc6 Qxc6 13.Qd2 Bd7 14.Qg5 Rae8 
15.Bb5 Qb6 16.Bxd7 Nxd7 17.Qb5 Qxd4+ 18.Kh1 Nb6 
19.Rad1 Qe5 20.Qxe5 Rxe5 21.Rfe1 Rxe1+ 22.Rxe1 Rd8 
23.Re7 Na8 24.Re2 Nb6 25.Kg1 Kf8 26.Kf2 Nc4 27.b3 
Nd6 28.Ke1 Re8 29.Rxe8+ Kxe8 30.Ke2 Kd7 31.Kf3 a6 
32.g4 Ke6 33.h4 g6 34.Kf4 h6 35.g5 h5 36.Ne4 Nxe4 
37.Kxe4 f5+ 38.gxf6 Kxf6 39.c4 g5 40.hxg5+ Kxg5 
41.Kf3 Kf5 42.c5 b5 43.a3 c6 44.b4 Ke5 45.Ke3 h4 
46.Kf3 Kd4 47.Kg4 Kc3 48.Kxh4 Kb3 0-1